Пропуск в контексте

Теплоснабжение и вентиляция. Курсовое и дипломное проектирование учебно-методическое пособие

Изложены методические указания, примеры расчетов, справочные материалы для выполнения курсовых проектов и работ по отоплению, вентиляции, кондиционированию воздуха, горячему водоснабжению, теплоснабжению, газоснабжению, очистке вентиляционных выбросов. Приведены методические указания и рекомендации...

Полное описание

Сохранить в:
Библиографические подробности
Главный автор: Хрусталев Б.М
Формат: Книга
Темы:
Online-ссылка:https://www.studentlibrary.ru/book/ISBN9785930933944.html
Метки: Добавить метку
Нет меток, Требуется 1-ая метка записи!
LEADER 01736nam a2200241 4500
001 book/ISBN9785930933944
005 20250903142001.0
010 |a 978-5-93093-394-4 
100 |a 20151126c2010 u y0rusy50 ca 
101 | |a rus 
102 |a RU 
105 |a ||||||||000yy 
200 1 |a Теплоснабжение и вентиляция. Курсовое и дипломное проектирование  |e учебно-методическое пособие  |f Хрусталев Б.М. 
210 1 |a Москва  |c АСВ  |d 2010 
215 |a 784 c. 
330 |a Изложены методические указания, примеры расчетов, справочные материалы для выполнения курсовых проектов и работ по отоплению, вентиляции, кондиционированию воздуха, горячему водоснабжению, теплоснабжению, газоснабжению, очистке вентиляционных выбросов. Приведены методические указания и рекомендации по дипломному проектированию. Для студентов вузов и специалистов по теплоснабжению и вентиляции. 
610 0 |a Отопление, вентиляция и кондиционирование 
610 0 |a Техника и технологии строительства 
610 0 |a Электро- и теплоэнергетика 
700 1 |a Хрусталев  |b Б.М. 
801 0 |a RU  |b Geotar  |c 20151126  |g RCR  |2 rusmarc 
801 1 |a RU  |b Geotar  |c 20151126 
856 4 |u https://www.studentlibrary.ru/book/ISBN9785930933944.html 
Cannot write session to /tmp/vufind_sessions/sess_j56os4as896et1ft3949qond4a